[Event "Podlehnik"]
[Site "Podlehnik"]
[Date "2001.05.02"]
[Round "9"]
[White "Atalik, Suat"]
[Black "Polajzer, Danilo"]
[Result "1/2-1/2"]
[WhiteElo "2543"]
[BlackElo "2425"]
[Annotator "Atalik,S"]
[PlyCount "114"]
[EventDate "2001.04.24"]
[EventType "tourn"]
[EventRounds "10"]
[EventCountry "SLO"]
[EventCategory "9"]
[SourceTitle "CBM 083"]
[Source "ChessBase"]
[SourceDate "2001.07.05"]
[SourceVersion "1"]
[SourceVersionDate "2001.07.05"]
[SourceQuality "1"]

1. d4 d5 2. c4 c6 3. Nc3 Nf6 4. e3 e6 5. Bd2 $5 Nbd7 6. Rc1 $5 {I do not know
why I have chosen this impotent system,it looks so artificial.} Be7 ({Whites
idea is directed against the natural} 6... Bd6 $6 7. c5 Bc7 8. f4 b6 9. b4) 7.
cxd5 $5 exd5 8. Bd3 O-O 9. Nf3 $6 {This should never enter in whites agenda.} (
{White has two eligible alternatives in this position.} 9. f4 $5 c5 10. Nf3
cxd4 11. exd4 $13) ({Trying Karlsbad with Bd2 is also not that bad.} 9. Nge2
Re8 (9... Bd6 10. O-O Bxh2+ $4 11. Kxh2 Ng4+ 12. Kg3 Ndf6 13. Rh1 $18) 10. O-O
Nf8 $1 (10... Bd6 11. f3 Nf8 12. e4 dxe4 13. fxe4 Ng4 14. h3 Ne5 15. Bf4 Nxd3
16. Qxd3 $14) 11. f3 Ng6 12. h3 (12. Be1 $5 Bd6 13. Bf2) 12... Be6 13. g4 $5 (
13. e4 $2 dxe4 14. fxe4 c5 $17)) 9... Re8 (9... Bd6 {is the other way to
execute the plan.} 10. Nh4 g6 11. g3 Re8 12. O-O Nb6 $17) 10. O-O (10. Ne5 $6 {
I did not like this move.} Nxe5 11. dxe5 Ng4 12. f4 d4 13. exd4 Qxd4 14. Qe2
Rd8 (14... Nf2 $2 15. Bxh7+ Kxh7 16. Qxf2) 15. Be4 Be6 (15... Nxh2 $2 16. g3)
16. b3 Bc5 17. Nd1 Bb6 18. Bc3 Qd7 19. h3 Nh6 20. Ne3 Qe7 (20... Nf5 21. Rd1)
21. Qf3 $17 (21. O-O $2 Bf5 $1 $19)) 10... Bd6 $1 11. Ne2 Ne4 12. b4 {
Desparately seeking for counterplay.the only way to achieve this seems to be
minority attack.} a6 13. a4 Ndf6 14. b5 axb5 (14... cxb5 $5 15. axb5 a5 16. Bc3
a4 17. Ba1 $132) 15. axb5 Ra3 16. Bc3 Bg4 $6 {I was not really afraid of this
move.} (16... Bf5 $1 17. bxc6 bxc6 18. Qc2 $1 Qa8 19. Bb2 $1 Rxd3 20. Qxd3 Ng3
21. Qd1 Nxf1 22. Qxf1 Qa2 23. Ba1 Bd3 24. Nc3 {and looks like white barely
holds.}) 17. Bb2 Rxd3 $5 {This looks like blacks big time idea behind his
choice over 16...Bf5 with 16...Bg4.} (17... Ra2 18. Rc2) 18. Qxd3 Bxf3 19. gxf3
Qd7 ({Direct attack does not deliver much.} 19... Bxh2+ $4 20. Kxh2 Ng4+ 21.
fxg4 Qh4+ 22. Kg2 Qxg4+ 23. Ng3 $18) 20. Ng3 $2 (20. Kg2 $2 Ng5 21. Ng1 Nxf3 $1
{very dangerous for white as the shelter around whites king started to melt
down.}) (20. fxe4 $1 Qh3 21. f4 Ng4 22. Rf2 $8 {Believe or not I have simply
overlooked this.} dxe4 23. Qb3 Nxf2 24. Kxf2 Qxh2+ (24... Qh4+ 25. Kg1) 25. Ke1
$18) 20... Qh3 21. bxc6 $1 {As black has no definite threat white reacts cold
bloodedly.} bxc6 (21... h5 22. Rc2 h4 23. fxe4 dxe4 24. Qb5 hxg3 25. fxg3 bxc6
26. Qxc6 $16) 22. Qe2 $2 {I started to consume huge chunks of time and
miscalculation started to overwhelm in most of the lines I have looked at.} (
22. Rxc6 $1 Bxg3 (22... Nxg3 23. fxg3 Bxg3 24. Rc2 $16) 23. fxg3 Nxg3 24. Rf2
Nf5 25. Bc1 Nh4 $14) (22. Qd1 $2 Bxg3 23. fxg3 Nxg3 24. hxg3 (24. Rf2 Nf5)
24... Qxg3+ 25. Kh1 Re6 (25... Ng4 26. fxg4 Re6 $1 27. Rf5 Qh3+ 28. Kg1 Rxe3
29. Rc3 Qg3+ 30. Kf1 Qh3+ $11)) 22... Ng5 23. Rxc6 Bb8 $1 {Now I started to
really get concerned about Ph5-h4 thrust.} 24. Kh1 (24. e4 dxe4 25. fxe4 {
This looked very dangerous to me.} Ngxe4 $1 (25... Rxe4 26. Qd3 h5 (26... Rh4
27. Rfc1 g6 $1 (27... Qxh2+ 28. Kf1 {And black runs out of steam.}) 28. Rxf6 (
28. Rc8+ $2 Kg7 29. Rxb8 Qxh2+ 30. Kf1 Rf4 $40) 28... Ne4 (28... Bxg3 29. Qxg3
$1 (29. fxg3 $2 Qxh2+ 30. Kf1 Re4 (30... Qh1+ 31. Kf2 Qh2+ 32. Ke1 (32. Kf1 Re4
$1) 32... Re4+ 33. Kd1 Qxb2 34. Rf4 $13) 31. Rc8+ Kg7 32. Rxf7+ Kxf7 (32... Kh6
$4 33. Qxe4 $1 Nxe4 34. Bc1+ Ng5 35. Rc3 Qh3+ 36. Kg1 Qg4 37. Rd3 $16) 33. Rc7+
Kf6 34. d5+ Qxb2 35. Qa6+ Kf5 36. Qc8+ Ne6 $19 {And black hits first.}) 29...
Rg4 30. Rc8+ Kg7 31. d5 $18)) 27. f4 $13) (25... Nfxe4 26. Rc2 $13 (26. f4 Qd7)
) 26. Re1 Ng4 $40) (24. Bc1 Nh5 $1 $44) (24. Ra1 h5 25. Ra8 h4 26. Rb6 hxg3 27.
fxg3 Bxg3 28. Rxe8+ Nxe8 29. hxg3 Qxg3+ 30. Kf1 Nxf3 31. Qf2 Qh3+ $13) (24.
Rfc1 {was my original idea but it does not help the defense.} h5) 24... h5 25.
Rxf6 (25. f4 Ng4 26. f3 Nxe3 27. fxg5 Bxg3 (27... h4 $2 28. Bc1 hxg3 29. Bxe3
Rxe3 30. Qg2 Qxg2+ 31. Kxg2 Re2+ 32. Kh3 Rxh2+ 33. Kg4 {And white is away from
to be instantly lost.}) 28. Rfc1 Bxh2 $1 29. Qxh2 Qxf3+ 30. Kg1 Re4 $19) 25...
gxf6 26. f4 h4 $1 $138 (26... Bxf4 $2 27. Qxh5 Bxg3 28. Qxh3 Nxh3 29. hxg3 Ng5
30. Kg2 $16) 27. fxg5 $8 (27. Nh5 $2 {There is still no need to play with the
fire.} Nf3 28. Rg1+ Kh8 29. Rg2 Rg8 30. Ng3 Qg4 $19 {31...h3 is coming.}) 27...
hxg3 28. fxg3 Rxe3 29. Qf2 $1 (29. Qg2 $2 Rxg3 30. Qxh3 Rxh3 31. Bc1 fxg5 32.
Bxg5 Rxh2+ 33. Kg1 Rh5 34. Bf6 Kh7 $17) (29. Qxe3 $5 Qxf1+ 30. Qg1 Qf3+ 31. Qg2
Qd3 (31... Qe3 32. Qc2 Qe1+ 33. Kg2 fxg5 34. Qc8+ Kg7 35. Qxb8 Qe2+ $11) 32.
Qf2 fxg5 33. Kg2 Qe4+ 34. Kg1 Bd6 $36) 29... Bxg3 (29... Rxg3 30. gxf6 Rf3 (
30... Qh4 31. Re1) (30... Rg6 31. Rg1) 31. Rg1+ (31. Qg2+ $2 Qxg2+ 32. Kxg2
Rxf1 33. Kxf1 Bxh2 $17 {This ending could be lost.}) 31... Kh8 32. Qg2 Qxg2+
33. Kxg2 Rxf6 $11) 30. Qg2 Qxg2+ 31. Kxg2 Bxh2 (31... Bh4 32. gxf6 Re6 $11 (
32... Re2+ 33. Kh3 Rxb2 34. Kxh4 Rxh2+ 35. Kg5 Re2 36. Rf5 Kh7 $11 {transposes
to the game.})) 32. Kxh2 Re2+ 33. Kg3 Rxb2 34. gxf6 $11 Re2 (34... Rd2 35. Rf4)
35. Rf5 Re6 36. Kg4 Kh7 37. Kg5 Re1 38. Rxd5 {After this the game is a draw
but no alternative could change the result.} (38. Rf4 Re4 39. Rxe4 dxe4 40. Kf4
Kg6 $11) (38. Rf3 Re4 39. Rh3+ Kg8 40. Ra3 Rxd4 41. Ra8+ Kh7 42. Rf8 Rd1 $11)
38... Rg1+ 39. Kf5 Rf1+ 40. Ke5 Kg6 41. Rd8 (41. Rc5 Re1+ 42. Kd6 Kxf6 43. d5
Kg5 44. Kc7 f5 45. d6 Rd1 46. d7 Kg4 $11) (41. Rd6 Rf5+ 42. Ke4 Rxf6 43. Ke5
Rxd6 44. Kxd6 f5 45. Ke5 f4 $11 (45... Kg7 46. Kxf5 Kf7 47. Ke5 Ke7 48. Kd5 Kd7
$11)) 41... Rf5+ 42. Kd6 Rxf6+ 43. Kc7 Rf1 44. d5 f5 45. d6 Rc1+ 46. Kd7 f4 47.
Rf8 Kg5 48. Rg8+ (48. Ke7 Re1+ 49. Kd8 Rd1 50. d7 Kg4 51. Ke7 f3 $11) 48... Kf5
(48... Kh4 49. Ke6 Rd1 $11) 49. Ke7 Re1+ 50. Kd8 f3 51. d7 Kf4 52. Kc7 Re7 53.
Kc6 Rxd7 54. Kxd7 f2 55. Rf8+ Kg3 56. Ke6 Kg2 57. Ke5 f1=R 1/2-1/2

[Event "Redbus KO"]
[Site "Southend"]
[Date "2001.04.13"]
[Round "1.1"]
[White "Lalic, Bogdan"]
[Black "Conquest, Stuart"]
[Result "1-0"]
[WhiteElo "2501"]
[BlackElo "2563"]
[Annotator "Atlas,V"]
[PlyCount "91"]
[EventDate "2001.04.13"]
[EventType "k.o."]
[EventRounds "4"]
[EventCountry "ENG"]
[SourceTitle "CBM 083"]
[Source "ChessBase"]
[SourceDate "2001.07.05"]
[SourceVersion "1"]
[SourceVersionDate "2001.07.05"]
[SourceQuality "1"]

1. d4 {Wells} d5 2. c4 c6 3. Nf3 e6 4. Nc3 dxc4 5. e3 b5 6. a4 Bb4 7. Bd2 a5 8.
axb5 Bxc3 9. Bxc3 cxb5 10. b3 Bb7 11. bxc4 b4 12. Bb2 Nf6 13. Bd3 Nbd7 14. O-O
O-O 15. Re1 Ne4 16. Nd2 Nxd2 17. Qxd2 e5 18. f4 e4 19. Be2 f6 20. Rec1 Kh8 21.
c5 Nb8 22. Bb5 Bd5 23. c6 Na6 24. Bxa6 Rxa6 25. c7 Qa8 26. Rc5 Rc8 27. Qe2 Bg8
28. Qb5 Ra7 29. Rac1 a4 30. Qxb4 a3 31. Ba1 Rb7 32. Qd2 Qa7 33. Qc2 a2 34. Kf2
h6 35. d5 {'!' Wells. Wells: 'Just a great idea. White will show that in
addition to the two advanced passed pawns, there is a third important factor
in the position. The chance to use the presence of opposite coloured bishops
to assist in building an attack on black's king.'} Bxd5 {'[]' Wells.} 36. Bd4 {
'!' Wells.} (36. Rxd5 $2 {Wells} Rbxc7 37. Rd8+ Rxd8 38. Qxc7 Rd2+ 39. Kg3
Qxe3+ $40) 36... Bg8 (36... Qa8 $5 {Wells} 37. Rxd5 Rbxc7 38. Rd8+ Rxd8 39.
Qxc7 Rxd4 40. exd4 a1=Q 41. Rxa1 Qxa1 42. Qc8+ Kh7 43. Qf5+ Kg8 44. Qxe4 $16)
37. Rc6 Qa5 {Wells: 'White's idea is all too clear, but it is too late. white
also wins after'} (37... Qa8 {Wells} 38. Rxf6 $1 Rbxc7 39. Rxh6+ Bh7 40. Qxc7
Rxc7 41. Rxc7 $18) 38. Rxf6 Bd5 39. Rxh6+ Kg8 40. Rg6 Rcxc7 {[%tqu "En",
"Black's passed a2-pawn is very dangerous, but White has a more valuable trump.
Play it now to win the game!","If you have still some doubts, check the
headilne of this collection. To decide the game in your favor, you need to
bring your queen and the c1-rook into action.","Use your g6-rook for a
powerful blow.","g6g7","A brilliant decision! After this spectacular strike,
White's attack is irresistible.",8]} 41. Rxg7+ $3 Rxg7 (41... Kf8 {is easily
refuted by} 42. Rxc7 Rxc7 43. Qxc7 Qd2+ 44. Kg3) 42. Qc8+ {[%cal Gc8g8,Gc8f5,
Gf5h3]} Kh7 (42... Kf7 {falls short after} 43. Qf5+ Ke7 (43... Ke8 44. Rc8+ Ke7
45. Bf6+ Kd6 46. Qe5+ Kd7 47. Qe8+ Kd6 48. Be5#) 44. Qe5+ Kd8 45. Qd6+ Rgd7 (
45... Ke8 46. Rc8+ Kf7 47. Rf8#) 46. Qf8#) 43. Qh3+ $1 {[%cal Gc1c8,Gh3h7]} ({
Only this move leads to a victory!} 43. Qf5+ $2 {would be a mistake, as after}
Rg6 44. Qh5+ Rh6 45. Qf5+ Rg6 {White cannot win.}) 43... Kg8 (43... Kg6 {
fails to} 44. Qg4+ Kh6 45. Qh4+ Kg6 46. Qg5+ Kh7 47. Qh5+ Kg8 48. Rc8+ {
winning.}) 44. Rc8+ Kf7 45. Qf5+ Ke7 46. Qf8+ (46. Bf6+ {was a plausible
alternative:} Kd6 47. Qe5+ Kd7 48. Qe8+ Kd6 49. Be5#) (46. Qf8+ Ke6 47. f5+ Kd7
48. Qe8+ Kd6 49. Be5#) 1-0

[Event "Andorra op 20th"]
[Site "Andorra"]
[Date "2002.07.07"]
[Round "2"]
[White "Avrukh, Boris"]
[Black "Moreno Tejera, Emilio"]
[Result "1-0"]
[WhiteElo "2582"]
[BlackElo "2365"]
[Annotator "Avrukh,B"]
[PlyCount "75"]
[EventDate "2002.07.06"]
[EventType "swiss"]
[EventRounds "9"]
[EventCountry "AND"]
[SourceTitle "CBM 089 Extra"]
[Source "ChessBase"]
[SourceDate "2002.09.10"]
[SourceVersion "2"]
[SourceVersionDate "2002.09.10"]
[SourceQuality "1"]

1. d4 d5 2. c4 e6 3. Nf3 c6 4. Nc3 dxc4 5. a4 Bb4 6. e3 b5 7. Bd2 a5 8. axb5
Bxc3 9. Bxc3 cxb5 10. b3 Bb7 11. bxc4 b4 12. Bb2 Nf6 13. Bd3 Nbd7 14. O-O O-O
15. Re1 Ne4 {In my opinion this move is the only playable alternative to
well-known 15...Qc7} 16. Qc2 f5 17. c5 {[%cal Gc5c6]} Bc6 (17... Qc7 18. Bb5
Ndf6 $2 (18... Bc6 $142) 19. Ne5 {[%cal Gf2f3]} Bd5 20. f3 Nd6 21. Ba4 Rfc8 22.
Rac1 Qb7 23. Qd3 Nf7 24. Nc4 Bc6 25. Ra1 $16 {1-0 San Segundo Carrillo,
P-Nielsen,P/Ohrid 2001/CBM 84 (31)}) (17... Bd5 $5 18. Bb5 Qc7 19. Rec1 Ndf6
20. h3 {1/2-1/2 Rogozenko,D-Apicella,M/Bucharest 2000/CBM 77 (20)}) 18. Bc4 Qe7
19. Bb3 Rfc8 $146 ({More logical} 19... Ra7 20. Ba4 Bxa4 21. Rxa4 $6 (21. Qxa4
$5) 21... Rfa8 22. Rea1 Qe8 $1 {[%cal Gd7f6]} (22... Ndf6 23. Ne5 {[%cal Ge5c6,
Gf2f3]}) 23. Qc4 Ndf6 24. Ne5 Nd5 25. Qb3 Nec3 26. Bxc3 Nxc3 $17 {0-1
Azmaiparashvili,Z-Galkin,A/Saint Vincent 2000/CBM 78 (55)}) 20. Ra2 ({Deserve
serious attention} 20. Ba4 Bxa4 $140 21. Qxa4 (21. Rxa4 $2 Nb6 $17 {[%cal
Gb6d5]}) 21... Ndf6 22. Ne5 Nd5 23. f3 Nec3 24. Qc2 {[%cal Ge3e4]}) 20... Nexc5
$6 {For the first sight looks very attractive,but in fact white bishop will be
much stronger ,than two black pawns.} (20... Rc7 $142 {[%cal Gc7a7]} 21. Rea1
$140 (21. Rc1 $142 Rca7 22. Ba4 Bd5 23. Raa1 $14) 21... Rca7 22. Ne1 $2 {
[%cal Gf2f3]} a4 $1 23. Bxa4 Bd5 $19) 21. dxc5 Nxc5 22. Bc4 $8 Be4 23. Qd2 $1 (
23. Qe2 a4 24. Nd4 Qf7 $1 25. f3 Bd5 26. Bxd5 exd5 27. Ba1 a3 $13 {and black
pawns becomes dangerous}) 23... Bxf3 (23... Rd8 24. Bd4 $1 (24. Nd4 Kh8 {
[%cal Ge6e5]} 25. f3 Bd5 26. Bxd5 Rxd5 $14) 24... Kh8 25. Qb2 $18) (23... a4 $2
24. Qxb4) 24. gxf3 Ne4 $1 {Black managed to find the only way to continue the
fight} 25. fxe4 (25. Qe2 $140 Rxc4 26. fxe4 (26. Qxc4 $4 Qg5+ 27. Kf1 (27. Kh1
Nxf2#) 27... Nd2+) 26... Rac8 $132 {[%cal Gc4c2]}) 25... Rxc4 26. Qd3 (26. Kh1
{[%cal Ge1g1]} Qh4 $1 $13) 26... Rxe4 (26... Rac8 27. Rxa5) 27. f3 Rh4 28. Be5
$1 {[%cal Ga2g2] Finally my bishop comes to the best position in the board and
white starts to attack black king.} Qc5 (28... Rh6 29. Rg2 (29. Qb5) 29... Rg6
30. Rxg6 hxg6) 29. Bg3 Rc4 30. Qd7 $1 b3 ({More stubborn was:} 30... Qd5 31.
Qe7 $1 (31. Qxd5 exd5 {and white cannot win this endgame}) 31... Rac8 (31... b3
32. Rxa5 $1 $18 (32. Rg2 $143 {[%cal Gg3e5]} Rc2 33. Bf2 g6)) 32. Rg2 {[%csl
Gg7]} Rc1 33. h4 $3 (33. Rxc1 Rxc1+ 34. Be1 Rxe1+ 35. Kf2 Rf1+ 36. Kxf1 Qxf3+
37. Ke1 (37. Rf2 Qd1+ 38. Kg2 Qg4+ $11) 37... Qxe3+ {and i don't believe,that
white can win this position}) 33... Rxe1+ (33... b3 34. Rxc1 Rxc1+ 35. Kh2 {
[%cal Ge7e8]} Rc8 36. Bd6 g6 37. h5 $18) 34. Bxe1 {[%csl Gg7]} Qe5 {[%cal
Ge5e3]} 35. f4 $1 Qxe3+ 36. Kh2 Qxf4+ (36... g6 37. h5 Qxe1 38. hxg6) 37. Bg3
Qe4 (37... Qe3 38. Bd6 g6 39. Qf6 $18) 38. Bd6 g6 39. h5 $18) 31. Qxe6+ Kh8 32.
Rxa5 $1 $18 {[%mdl 64]} Qxa5 (32... Rxa5 33. Qe8+) 33. Qxc4 b2 34. Qc2 ({
Of course not} 34. Rb1 $4 Qa1 35. Qc2 Qxb1+ $1 36. Qxb1 Ra1 {and black wins})
34... f4 (34... Qb6 35. Be5) 35. exf4 Qb6+ 36. Bf2 Qb7 37. Bd4 Qxf3 38. Qg2 $1
1-0

[Event "Isle of Man op"]
[Site "Isle of Man"]
[Date "1997.10.08"]
[Round "5"]
[White "Sadler, Matthew D"]
[Black "Baburin, Alexander"]
[Result "1/2-1/2"]
[WhiteElo "2665"]
[BlackElo "2570"]
[Annotator "Baburin,A"]
[PlyCount "43"]
[EventDate "1997.10.??"]
[EventType "swiss"]
[EventRounds "9"]
[EventCountry "IOM"]
[SourceTitle "CBM 061"]
[Source "ChessBase"]
[SourceDate "1997.11.23"]
[SourceVersion "1"]
[SourceVersionDate "1997.11.23"]
[SourceQuality "1"]

1. d4 d5 2. c4 e6 3. Nc3 Be7 4. cxd5 exd5 5. Bf4 c6 6. e3 Bf5 7. Nge2 Nd7 8.
Ng3 Bg6 9. Be2 ({White should be aware of a trap here:} 9. Bd3 $4 Bxd3 10. Qxd3
g5 $1 $19) 9... Qb6 ({Another move -} 9... Nf8 {- did not work well for Black
in the game Ivan Sokolov-Vaganian, Tilburg 1994:} 10. Bg4 Nf6 11. Bh3 Ne6 12.
Be5 Ng5 13. Bf5 O-O 14. h4 Nge4 15. Bxg6 hxg6 16. Ngxe4 Nxe4 17. Nxe4 dxe4 18.
h5 $40) 10. Qd2 h5 11. h4 Ngf6 ({Black has another option here:} 11... Nf8 12.
e4 dxe4 13. Ngxe4 Ne6 14. Be3 Qa5 15. Ng5 Nf6 16. Bc4 Nxg5 17. hxg5 Nd7 18. O-O
Rd8 19. Bf4 Nb6 20. Bb3 O-O {as in the game Tunik-Geller, Elista 1995.}) 12. a3
$5 {This position is quite tricky. Neither White nor Black wants to castle too
early, as then the h-pawn will be in trouble. So, both sides should try to
find some useful moves. White comes up with one positive idea. He is going to
grab space on the queenside by playing b2-b4. Black should prevent this.} a5
13. Rc1 Qd8 {The queen no longer has anything to do on b6. This move prepares .
..a4, as then Black can support the a-pawn after ...b5. This move also
indirectly targets the h4-pawn.} 14. Qd1 {Targeting the h5-pawn.} Kf8 $5 {
I was quite proud of this idea! Castling is not possible, yet the king should
not stay in the centre, so why not move it out a little bit?} 15. Bf3 Kg8 {
The same idea. Now the king is reasonably safe, while the rook might be useful
on the h-file, if Black plays ...Ng4 and White takes the knight.} 16. O-O Nf8
17. Qb3 Ra7 (17... b5 18. a4 b4 19. Nce2 $13) 18. e4 $5 a4 $6 {Perhaps, Black
should have taken on e4 straight away.} 19. Qd1 dxe4 20. Ngxe4 Nxe4 21. Nxe4
Bxh4 22. d5 {Here, having 13 minutes left, White offered a draw. Despite my
big advantage on the clock, I did not feel, that I should gamble. The
continuation might be: 22...cxd5 23 Nd6 Qf6 24 Be3 Ra8 (or 24...Ra6 25 Nxb7
Qxb2 26 Qxd5 with unclear position) 25 Bxd5, and the position remains very
unclear.} 1/2-1/2

[Event "Schahin Cury"]
[Site "Americana"]
[Date "1997.07.10"]
[Round "3"]
[White "Urday Caceres, Henry"]
[Black "De Toledo, James Mann"]
[Result "1/2-1/2"]
[WhiteElo "2445"]
[BlackElo "2395"]
[Annotator "Baburin,A"]
[PlyCount "102"]
[EventDate "1997.07.08"]
[EventType "tourn"]
[EventRounds "10"]
[EventCountry "BRA"]
[EventCategory "9"]
[SourceTitle "CBM 061"]
[Source "ChessBase"]
[SourceDate "1997.11.23"]
[SourceVersion "1"]
[SourceVersionDate "1997.11.23"]
[SourceQuality "1"]

1. d4 d5 2. c4 e6 3. Nc3 Be7 {This move is mainly designed to avoid the
Exchange Variation arising after 3...Nf6 4 cxd5 exd5 5 Bg5, where White has an
option to develop the g1-knight either to f3 or to e2, while Black has
problems developing his light-squared bishop.} 4. cxd5 exd5 5. Bf4 c6 6. e3 ({
Another way of fighting for an opening advantage is} 6. Qc2 Bd6 7. Bg3 Ne7 8.
e3 Bf5 9. Qb3) 6... Bf5 {So, Black has managed to develop his light-squared
bishop to f5. However, White is often able to drive the bishop away from it's
position.} 7. Nge2 ({Also very common here is} 7. g4 Be6) 7... Nd7 8. f3 ({
Another line is} 8. Ng3 Be6 9. e4 dxe4 10. Ngxe4 Ngf6 11. Nd6+ Kf8 12. Nc4 Nb6
13. Ne5 Nbd5 14. Bd2 Qb6 15. Nxd5 Bxd5 16. Bc3 g6 17. Nc4 Qc7 18. Ne3 Re8 19.
Be2 Bd6 20. Nxd5 Nxd5 21. g3 Qe7 22. Kf1 h5 {Hauchard-Legky, FRA-chT 1996.})
8... Ngf6 ({Also possible here is} 8... g5 9. Bg3 Ngf6 10. Bf2 Qb6 11. Qd2
O-O-O 12. Ng3 Bg6 13. Bd3 g4 {with unclear position, as in the game
Hjartarson-Georgiev,K Moscow 1990.} (13... g4 14. Nf5 Bxf5 15. Bxf5 gxf3 16.
gxf3 Ne8 17. Rc1 Kb8 18. Bg3+ Ka8 19. Kf2 Nd6 20. Na4 Qb5 21. Bxd7 Qxa4 22. b3
Qa3 23. Bh3 {Hjartarson,J-Georgiev,K/Moscow GMA-qual f 1990/TD 90\03/0-1 (55)})
) ({In the game Epishin-Timoshchenko, Tashkent 1987, Black prevented g2-g4 and
obtained a reasonable position after} 8... h5 9. e4 dxe4 10. fxe4 Bg6 11. g3 h4
12. Bg2 hxg3 13. Bxg3 Bh4 14. Qd2 Bxg3+ 15. hxg3 Rxh1+ 16. Bxh1 Qa5 17. Nf4 Ne7
18. O-O-O O-O-O (18... O-O-O 19. d5 cxd5 20. exd5 Bh7 21. d6 Nc5 22. Ne4 Qxd2+
23. Rxd2 {Epishin,V-Timoshchenko,G/Tashkent 1987/EXT 87/0-1 (40)})) 9. g4 Be6
10. Bg3 {This position is hard to play for both sides. It looks like White has
somehow weakened his position. On the other hand, he has gained space, and
it's difficult for Black to attack the centre. If Black tries to hit the
centre with a ...c5 thrust, he might only weaken his d5-pawn and give White
the d4-square for his knight.} Nf8 11. Nf4 Bc8 12. h4 Ng6 13. Nd3 Bd6 14. Bf2
$1 {Having more space, White is not keen to exchange pieces, since Black might
have problems accommodating all of them.} Qe7 15. Be2 Bd7 16. Qc2 O-O 17. h5
Nh8 18. O-O-O Ne8 $16 {White has achieved a promising position with good
prospects of the kingside play.} 19. Rhg1 f6 20. f4 Nc7 21. Bf3 Nf7 22. Rde1
Rae8 23. Bh4 Ne6 24. Qg2 Bc8 25. Bd1 Qc7 26. Bc2 Nh6 27. Kb1 Bd7 28. Qd2 Rf7
29. g5 fxg5 30. fxg5 Nf5 31. g6 Rff8 32. gxh7+ Kh8 33. Bf2 Rf7 34. Rg2 Nf8 35.
e4 dxe4 36. Nxe4 Nxh7 37. Nxd6 Rxe1+ 38. Qxe1 Qxd6 39. Ne5 Rf6 40. Bb3 (40. Qa5
$5) 40... Be6 41. Bg3 Nxg3 (41... Bxb3 $5 42. Nf7+ Bxf7 43. Bxd6 Nxd6 44. Qe7)
42. Qxg3 Rf1+ 43. Kc2 Bxb3+ 44. Qxb3 Ng5 45. Rxg5 Qxd4 46. Nd3 Rf2+ $1 47. Nxf2
Qxf2+ 48. Kd1 Qf1+ 49. Kd2 Qf2+ 50. Kd3 Qf3+ 51. Kc2 Qf2+ 1/2-1/2

[Event "Isle of Man op"]
[Site "Isle of Man"]
[Date "1997.??.??"]
[Round "4"]
[White "Kosten, Anthony C"]
[Black "Sadler, Matthew D"]
[Result "0-1"]
[WhiteElo "2530"]
[BlackElo "2665"]
[Annotator "Baburin,A"]
[PlyCount "46"]
[EventDate "1997.10.??"]
[EventType "swiss"]
[EventRounds "9"]
[EventCountry "IOM"]
[SourceTitle "CBM 061"]
[Source "ChessBase"]
[SourceDate "1997.11.23"]
[SourceVersion "1"]
[SourceVersionDate "1997.11.23"]
[SourceQuality "1"]

1. c4 e6 2. Nc3 d5 3. d4 c6 4. cxd5 {Taking on d5 in this situation, White
loses all his opening advantage.} exd5 5. Bf4 Bd6 6. Bxd6 Qxd6 7. e3 Bf5 8.
Nge2 Ne7 9. Nf4 Nd7 10. Be2 O-O 11. g4 $6 {This is a too serious commitment.
The problem with this move is, that, with the dark-squared bishops being
exchanged, Black does not lack space that much, and it's not too difficult for
him to open up the centre by ...c5.} Be6 12. Bd3 c5 $1 13. dxc5 Nxc5 14. Bc2
Nc6 15. h3 d4 $1 {This game is a classical example of the attack upon the king,
which is stuck in the centre.} 16. Nb5 Qe5 17. Nxd4 Rfd8 18. Nfe2 Bc4 19. Qd2
Rac8 20. Rd1 Ne6 $1 {[#]Now White can no longer hold his knight on d4 and his
position quickly collapses.} 21. f4 $6 Ncxd4 22. Nxd4 Nxd4 23. Qxd4 Qe7 {
Revealed a nasty threat: ...Qh4#, so White resigned.} 0-1